Statistics for Closest Capital Cities at different Sides of the Tropic of Cancer

Click here to take the quiz!

General Stats

  • This quiz has been taken 73 times
    (68 since last reset)
  • The average score is 15 of 40

Answer Stats

Capital City% Correct
Riyadh
77%
Bangkok
68%
Cairo
51%
Dhaka
46%
Khartoum
39%
Doha
37%
Abu Dhabi
37%
Sana'a
37%
Taipei
33%
Kathmandu
33%
Manila
32%
Havana
32%
Nassau
30%
Manama
30%
Thimphu
30%
Naypyidaw
30%
Asmara
28%
Vientiane
28%
Kingston
26%
Santo Domingo
26%
Djibouti
26%
Port-au-Prince
25%
Kuwait City
23%
Belmopan
21%
Tegucigalpa
21%

Score Distribution

Percentile by Number Answered

Percent of People with Each Score

Your Score History

You have not taken this quiz since the last reset